[Event "Bad. Jug-EM 2018 U18w - U16w"]
[Site "Karlsruhe-Durlach"]
[Date "2018.01.03"]
[Round "3.2"]
[White "Lohrmann, Tabea"]
[Black "Ehmann, Johanna"]
[Result "1/2-1/2"]
[WhiteElo "1638"]
[BlackElo "1712"]
[PlyCount "110"]
[EventDate "2018.??.??"]
[WhiteTeam "SC Waldkirch"]
[BlackTeam "SF Sasbach"]

1. e4 e5 2. Nf3 Nc6 3. d4 exd4 4. Bc4 Bc5 5. c3 Nf6 6. cxd4 Bb4+ 7. Bd2 Bxd2+
8. Nbxd2 d5 9. exd5 Nxd5 10. Qb3 Nce7 11. O-O O-O 12. Rfe1 c6 13. a4 Qb6 14.
Qa3 Be6 15. Ne4 Ng6 16. Nc5 Bg4 17. Ne5 Nxe5 18. Rxe5 Rad8 19. Rae1 h6 20. a5
Qc7 21. h3 Bc8 22. b4 Qd6 23. Rd1 Rde8 24. Rde1 Rd8 25. Bxd5 cxd5 26. Re7 b6
27. Nd3 Rd7 28. R7e5 bxa5 29. Qxa5 Qb6 30. Nc5 Qxa5 31. bxa5 Rd6 32. Re7 a6 33.
Ra7 Rf6 34. Nd7 Bxd7 35. Rxd7 Rf5 36. g4 Rf4 37. Rxd5 Rb8 38. Rd6 Rb2 39. Rf1
Rd2 40. Rxa6 Rfxd4 41. Kg2 Ra2 42. Rc1 Rf4 43. Rf1 Rfa4 44. Re1 Rxa5 45. Rxa5
Rxa5 46. Kf3 Ra3+ 47. Re3 Rxe3+ 48. Kxe3 Kf8 49. Ke4 Ke7 50. Ke5 g6 51. f4 f6+
52. Kd5 g5 53. f5 Kd7 54. Kc5 Kc7 55. Kd5 Kd7 1/2-1/2

[Event "Bad. Jug-EM 2018 U18w - U16w"]
[Site "Karlsruhe-Durlach"]
[Date "2018.01.03"]
[Round "3.3"]
[White "Hartmann, Cora"]
[Black "Schneider, Xenia"]
[Result "1-0"]
[WhiteElo "1842"]
[BlackElo "1424"]
[PlyCount "75"]
[EventDate "2018.??.??"]
[WhiteTeam "SV Walldorf"]
[BlackTeam "SK Endingen"]

1. e4 c6 2. d4 d5 3. Nc3 dxe4 4. Nxe4 Nf6 5. Nxf6+ exf6 6. c3 Be6 7. Bf4 Qd5 8.
Nf3 Qe4+ 9. Be3 Bg4 10. Bd3 Qd5 11. Be2 Bd6 12. h3 Be6 13. O-O Bc7 14. Qd2 Qd6
15. c4 g5 16. d5 cxd5 17. cxd5 Bf5 18. Bb5+ Kd8 19. Rac1 b6 20. Rc4 Nd7 21.
Bxd7 Bxd7 22. Rfc1 Bb8 23. Qc3 Ke7 24. Re1 Kf8 25. Bd4 Kg7 26. g3 h6 27. Nd2
Bxh3 28. Ne4 Qxd5 29. Bxf6+ Kg6 30. Bxh8 Bd6 31. Qg7+ Kf5 32. Qf6+ Kg4 33.
Nxd6+ Kh5 34. Qxf7+ Qxf7 35. Nxf7 Bg4 36. Rc6 Bf3 37. Rxh6+ Kg4 38. Ne5+ 1-0

[Event "Bad. Jug-EM 2018 U18w - U16w"]
[Site "Karlsruhe-Durlach"]
[Date "2018.01.03"]
[Round "3.4"]
[White "Ganjali, Aska"]
[Black "Wagner, Lena"]
[Result "0-1"]
[WhiteElo "1304"]
[BlackElo "1259"]
[PlyCount "70"]
[EventDate "2018.??.??"]
[WhiteTeam "SK Gernsbach"]
[BlackTeam "SK Endingen"]

1. e4 c6 2. d4 d5 3. e5 Bf5 4. Bg5 h6 5. Bh4 Qd7 6. Nf3 e6 7. Bd3 Be4 8. O-O
Be7 9. Bg3 c5 10. c3 Nc6 11. Bxe4 dxe4 12. Nfd2 Qd5 13. Re1 cxd4 14. Nxe4 Rd8
15. cxd4 Qxd4 16. Qxd4 Nxd4 17. Nbc3 Nc2 18. Rab1 Nxe1 19. Rxe1 Bb4 20. Rd1
Rxd1+ 21. Nxd1 Ne7 22. Nd6+ Bxd6 23. exd6 Nf5 24. Bf4 O-O 25. Nc3 Rd8 26. Ne4
f6 27. g4 Nd4 28. Be3 Nb5 29. Bc5 f5 30. gxf5 exf5 31. Ng3 g6 32. f4 b6 33. Be3
Nxd6 34. b3 Rc8 35. a3 Rc3 0-1

[Event "Bad. Jug-EM 2018 U14"]
[Site "Karlsruhe-Durlach"]
[Date "2018.01.03"]
[Round "3.1"]
[White "Koll, Linus"]
[Black "Dobrikov, Marco"]
[Result "0-1"]
[WhiteElo "1856"]
[BlackElo "2042"]
[PlyCount "43"]
[EventDate "2018.??.??"]
[WhiteTeam "Karlsruher SF"]
[BlackTeam "SV Hockenheim"]

1. e4 c5 2. Nf3 d6 3. d4 cxd4 4. Nxd4 Nf6 5. Nc3 a6 6. Bg5 Nbd7 7. f4 h6 8. Bh4
g6 9. Qf3 Bg7 10. O-O-O Qa5 11. Nb3 Qc7 12. Nd5 Nxd5 13. exd5 Nf6 14. Bxf6 Bxf6
15. g4 h5 16. gxh5 Rxh5 17. Be2 Bf5 18. Bd3 Rc8 19. Bxf5 Rxf5 20. Rd2 Bg5 21.
Nd4 Bxf4 22. Nxf5 0-1

[Event "Bad. Jug-EM 2018 U14"]
[Site "Karlsruhe-Durlach"]
[Date "2018.01.03"]
[Round "3.2"]
[White "Wu, Leon"]
[Black "Do, Nam"]
[Result "1-0"]
[WhiteElo "1984"]
[BlackElo "1823"]
[PlyCount "99"]
[EventDate "2018.??.??"]
[WhiteTeam "SK Mannheim-Lindenhof"]
[BlackTeam "SK Sandhausen"]

1. e4 e5 2. Nf3 Nc6 3. Bb5 a6 4. Ba4 Nf6 5. O-O Be7 6. Re1 b5 7. Bb3 O-O 8. c3
d6 9. h3 Bb7 10. d4 exd4 11. cxd4 Na5 12. Bc2 c5 13. Bf4 Re8 14. Nbd2 Nc6 15.
Nf1 Nb4 16. Ng3 Qb6 17. d5 h6 18. Bb1 a5 19. Nf5 Bc8 20. N3h4 Bf8 21. Qc1 Qd8
22. a4 Nh5 23. Bd2 g6 24. Nxh6+ Bxh6 25. Bxh6 Bxh3 26. Nxg6 Qf6 27. gxh3 fxg6
28. Qd1 Kh7 29. Qd2 Rf8 30. Bxf8 Rxf8 31. Ra3 Nf4 32. Rg3 Qh4 33. Ree3 bxa4 34.
Ref3 Qh6 35. Rg4 g5 36. Qe3 Qg6 37. Qe1 Qh5 38. Rgg3 Kh8 39. Qc3+ Kg8 40. Qe3
Kh8 41. Kh2 Rf7 42. Qc3+ Kg8 43. Qe3 Kh8 44. Kg1 Qh4 45. Rg4 Qh5 46. Rfg3 Rg7
47. h4 gxh4 48. Qxf4 Rf7 49. Rxh4 Rxf4 50. Rxh5# 1-0

[Event "Bad. Jug-EM 2018 U14"]
[Site "Karlsruhe-Durlach"]
[Date "2018.01.03"]
[Round "3.3"]
[White "Yurten, Rafael"]
[Black "Wu, Luka"]
[Result "0-1"]
[WhiteElo "1480"]
[BlackElo "1953"]
[PlyCount "58"]
[EventDate "2018.??.??"]
[WhiteTeam "SF Forst"]
[BlackTeam "SK Mannheim-Lindenhof"]

1. e4 c5 2. Nf3 d6 3. d4 cxd4 4. Nxd4 Nf6 5. Nc3 a6 6. Be2 e5 7. Nf3 Be7 8. Be3
O-O 9. Nd5 Nxd5 10. exd5 Bf5 11. Bd3 e4 12. Nd4 Qa5+ 13. Bd2 Qxd5 14. Nxf5 Qxf5
15. Qe2 d5 16. O-O Nc6 17. Bxe4 Qxe4 18. Qxe4 dxe4 19. f3 Bc5+ 20. Kh1 e3 21.
Bc3 Rfe8 22. Rfd1 e2 23. Rd5 Bb4 24. Be1 Bxe1 25. Rxe1 Rad8 26. Rxd8 Rxd8 27.
Rg1 Rd1 28. f4 Rxg1+ 29. Kxg1 e1=Q# 0-1

[Event "Bad. Jug-EM 2018 U14"]
[Site "Karlsruhe-Durlach"]
[Date "2018.01.03"]
[Round "3.4"]
[White "Hardt, Anton"]
[Black "Schmitt, Daniel"]
[Result "0-1"]
[WhiteElo "1723"]
[BlackElo "1371"]
[PlyCount "88"]
[EventDate "2018.??.??"]
[WhiteTeam "SK Mannheim-Lindenhof"]
[BlackTeam "SK Ottenau"]

1. e4 e5 2. Nf3 Nc6 3. Bb5 a6 4. Ba4 Nf6 5. O-O Be7 6. Re1 b5 7. Bb3 O-O 8. d4
Nxd4 9. Bxf7+ Rxf7 10. Nxe5 Rf8 11. Qxd4 Bb7 12. Nc3 d6 13. Nf3 c5 14. Qd3 Nd7
15. Nd5 Ne5 16. Nxe5 dxe5 17. c4 b4 18. Qg3 Bh4 19. Qxe5 Bxf2+ 20. Kh1 Bxe1 21.
Be3 Bf2 22. Ne7+ Kh8 23. Nf5 Qf6 24. Qxf6 Rxf6 25. Bxf2 Bxe4 26. Ng3 Rxf2 27.
Nxe4 Rxb2 28. Nxc5 Rc2 29. Rd1 Rxc4 30. Nxa6 h6 31. Nxb4 Rxb4 32. h3 Rxa2 33.
Rd8+ Kh7 34. Rd3 Rbb2 35. Rg3 h5 36. Rg5 Kh6 37. Rg3 Rb6 38. h4 Rg6 39. Kh2
Rxg3 40. Kxg3 g5 41. hxg5+ Kxg5 42. Kh3 h4 43. Kh2 Kg4 44. Kh1 Kg3 0-1

[Event "Bad. Jug-EM 2018 U14"]
[Site "Karlsruhe-Durlach"]
[Date "2018.01.03"]
[Round "3.5"]
[White "Kuschminder, Paul"]
[Black "Kokowski, Kevin"]
[Result "0-1"]
[WhiteElo "1359"]
[BlackElo "1525"]
[PlyCount "94"]
[EventDate "2018.??.??"]
[WhiteTeam "SK Gaienhofen"]
[BlackTeam "SV Walldorf"]

1. Nf3 Nc6 2. d4 d5 3. b3 Bg4 4. Bb2 Nf6 5. Nbd2 e6 6. e3 Bb4 7. Be2 Ne4 8. O-O
Bxf3 9. Nxf3 Bc3 10. Bxc3 Nxc3 11. Qe1 Ne4 12. Bd3 Nd6 13. e4 O-O 14. exd5 exd5
15. Qc3 Ne4 16. Bxe4 dxe4 17. Nd2 Nxd4 18. Rfe1 f5 19. Qc4+ Kh8 20. Rad1 e3 21.
Rxe3 Nc6 22. Qc3 Rf6 23. Rd3 Qe8 24. Nc4 Qh5 25. Re1 Rd8 26. Rxd8+ Nxd8 27. Qh3
Re6 28. Qc3 f4 29. f3 h6 30. Rxe6 Nxe6 31. Qe5 Qxe5 32. Nxe5 Nd4 33. c4 Ne2+
34. Kf2 Nc1 35. Ke1 g5 36. Kd2 Nxa2 37. Nd3 a5 38. Kc2 Kg7 39. Kb2 Nb4 40. Nxb4
axb4 41. Kc2 Kf6 42. Kd2 h5 43. Ke2 Ke5 44. Kd3 g4 45. fxg4 hxg4 46. h3 f3 47.
gxf3 gxh3 0-1

[Event "Bad. Jug-EM 2018 U14"]
[Site "Karlsruhe-Durlach"]
[Date "2018.01.03"]
[Round "3.6"]
[White "Straub, Benno"]
[Black "Wunsch, Louis"]
[Result "1-0"]
[WhiteElo "1492"]
[BlackElo "1007"]
[PlyCount "55"]
[EventDate "2018.??.??"]
[WhiteTeam "FSF 1887 Zähringen"]
[BlackTeam "SG Kuppenheim"]

1. e4 c6 2. d4 d5 3. exd5 cxd5 4. c4 Nf6 5. Nc3 Bf5 6. Nf3 e6 7. Bf4 Nc6 8. Be2
Bd6 9. Bg3 Bxg3 10. hxg3 O-O 11. cxd5 exd5 12. Bd3 Qe7+ 13. Kf1 Ne4 14. Nxd5
Qd6 15. Bxe4 Bxe4 16. Nf4 Bxf3 17. gxf3 Qxd4 18. Qxd4 Nxd4 19. Kg2 Rfe8 20.
Rad1 Ne6 21. Nxe6 Rxe6 22. Rd7 b6 23. Rc1 Re2 24. Rcc7 a5 25. Rxf7 Rd8 26.
Rxg7+ Kf8 27. Rxh7 Rdd2 28. Rh8# 1-0

[Event "Bad. Jug-EM 2018 U14"]
[Site "Karlsruhe-Durlach"]
[Date "2018.01.03"]
[Round "3.8"]
[White "Lauterbach, Kolja"]
[Black "Rögner, Lars"]
[Result "0-1"]
[WhiteElo "1517"]
[BlackElo "1243"]
[PlyCount "86"]
[EventDate "2018.??.??"]
[WhiteTeam "FSF 1887 Zähringen"]
[BlackTeam "BG Buchen"]

1. e4 e5 2. Nf3 Nf6 3. Nc3 Nc6 4. d4 exd4 5. Nxd4 Bb4 6. Nxc6 bxc6 7. Bd3 d5 8.
exd5 cxd5 9. O-O O-O 10. Bg5 Bb7 11. Ne2 Be7 12. c3 Rb8 13. Qc2 h6 14. Be3 c5
15. Rad1 Qc7 16. Bf4 Bd6 17. Bxd6 Qxd6 18. Ng3 Qc6 19. Nf5 Rfe8 20. f3 Qb6 21.
Kh1 Bc8 22. b3 Bxf5 23. Bxf5 Re5 24. Rfe1 Rbe8 25. Rxe5 Rxe5 26. f4 Re8 27. Qd2
d4 28. cxd4 cxd4 29. h3 Rc8 30. Qf2 Nh5 31. Qf3 g6 32. Bd3 Qd6 33. g3 Re8 34.
Rc1 Re3 35. Qa8+ Kg7 36. Bc4 Rxg3 37. Qb7 Qxf4 38. Rf1 Rxh3+ 39. Kg1 Qe3+ 40.
Rf2 Qe1+ 41. Bf1 Rg3+ 42. Rg2 Rxg2+ 43. Qxg2 Qg3 0-1

[Event "Bad. Jug-EM 2018 U14"]
[Site "Karlsruhe-Durlach"]
[Date "2018.01.03"]
[Round "3.9"]
[White "Lohrmann, Linus"]
[Black "Wehrle, Maximilian"]
[Result "1-0"]
[WhiteElo "1151"]
[BlackElo "1212"]
[PlyCount "113"]
[EventDate "2018.??.??"]
[WhiteTeam "SC Waldkirch"]
[BlackTeam "SC Brombach"]

1. e4 c5 2. Nf3 Nc6 3. d4 cxd4 4. Nxd4 e5 5. Nxc6 bxc6 6. Nc3 Bc5 7. Bc4 d6 8.
Qf3 Be6 9. Bb3 Bxb3 10. axb3 Ne7 11. O-O O-O 12. Be3 Bxe3 13. fxe3 Qd7 14. Rad1
Rad8 15. Qg3 Qc7 16. b4 a6 17. Rf6 Ng6 18. Rf2 Qb6 19. h4 Qxb4 20. h5 Ne7 21.
h6 Ng6 22. hxg7 Kxg7 23. Rb1 a5 24. Qg5 a4 25. Na2 Qxe4 26. Rbf1 Rd7 27. Nc3
Qh4 28. Qf5 Rb7 29. Rf3 Rxb2 30. Rh3 Qc4 31. Ne4 Qxc2 32. Qg5 Qxg2+ 33. Qxg2
Rxg2+ 34. Kxg2 f6 35. Nxf6 Rxf6 36. Rxh7+ Kxh7 37. Rxf6 a3 38. Rxd6 Nh4+ 39.
Kf2 c5 40. Ra6 Nf5 41. Rxa3 Kg6 42. Ra5 Kf6 43. Rxc5 Ke6 44. e4 Nd4 45. Ra5 Kd6
46. Ra8 Kc5 47. Rd8 Ne6 48. Rd5+ Kc4 49. Rxe5 Nc5 50. Ke3 Nd3 51. Rd5 Nc5 52.
Rxc5+ Kxc5 53. Kf4 Kd6 54. Kf5 Ke7 55. Ke5 Kd7 56. Kf6 Ke8 57. Ke6 1-0

[Event "Bad. Jug-EM 2018 U18"]
[Site "Karlsruhe-Durlach"]
[Date "2018.01.03"]
[Round "3.1"]
[White "Avdagic, Alan"]
[Black "Elms, Robert"]
[Result "1/2-1/2"]
[WhiteElo "1496"]
[BlackElo "1943"]
[PlyCount "41"]
[EventDate "2018.??.??"]
[WhiteTeam "DJB Steuben Feudenheim"]
[BlackTeam "SC Iffezheim"]

1. e4 c5 2. Nf3 Nc6 3. d4 cxd4 4. Nxd4 g6 5. Be3 Bg7 6. c4 Nf6 7. Nc3 Ng4 8.
Qxg4 Nxd4 9. Qd1 Ne6 10. Be2 Bxc3+ 11. bxc3 Qc7 12. Bd4 Nxd4 13. cxd4 Qa5+ 14.
Qd2 Qxd2+ 15. Kxd2 O-O 16. Rab1 d6 17. Rhc1 Rb8 18. c5 dxc5 19. Rxc5 Rd8 20.
Ke3 b6 21. Rc7 1/2-1/2

[Event "Bad. Jug-EM 2018 U18"]
[Site "Karlsruhe-Durlach"]
[Date "2018.01.03"]
[Round "3.2"]
[White "Lachenicht, Tim"]
[Black "Schmohel, Andreas"]
[Result "1-0"]
[WhiteElo "1746"]
[BlackElo "1733"]
[PlyCount "67"]
[EventDate "2018.??.??"]
[WhiteTeam "SK Gernsbach"]
[BlackTeam "SC Viernheim"]

1. e4 e5 2. Nf3 Nc6 3. d4 exd4 4. Bc4 Nf6 5. e5 d5 6. Bb5 Ne4 7. Nxd4 Bd7 8.
Bxc6 bxc6 9. O-O Bc5 10. Be3 O-O 11. f3 Ng5 12. f4 Ne4 13. Nd2 f6 14. Nxe4 dxe4
15. exf6 Qxf6 16. c3 Rae8 17. Qh5 Bd6 18. Rad1 c5 19. Nb3 Ba4 20. Bxc5 e3 21.
Rde1 Bxb3 22. axb3 e2 23. Rf3 Kh8 24. Bd4 Qe6 25. Rh3 Qe4 26. Qg4 Rf7 27. Re3
Qxe3+ 28. Bxe3 Rxe3 29. Rxe2 Rxe2 30. Qxe2 Rxf4 31. b4 c5 32. g3 Rf6 33. Qe8+
Rf8 34. Qc6 1-0

[Event "Bad. Jug-EM 2018 U18"]
[Site "Karlsruhe-Durlach"]
[Date "2018.01.03"]
[Round "3.3"]
[White "Schrepp, Florian"]
[Black "Acar, Lukas"]
[Result "1-0"]
[WhiteElo "1833"]
[BlackElo "1017"]
[PlyCount "101"]
[EventDate "2018.??.??"]
[WhiteTeam "SC Ketsch"]
[BlackTeam "SF Birkenfeld"]

1. e4 c6 2. Nc3 d5 3. Nf3 dxe4 4. Nxe4 Nf6 5. Ng3 e6 6. d4 c5 7. Bg5 Nc6 8.
dxc5 Bxc5 9. Qxd8+ Nxd8 10. Bxf6 gxf6 11. Ne4 Be7 12. O-O-O f5 13. Nc3 b6 14.
Bb5+ Kf8 15. Ne5 Kg7 16. Nc6 Nxc6 17. Bxc6 Rb8 18. Nb5 a6 19. Nd6 Bxd6 20. Rxd6
Bb7 21. Bxb7 Rxb7 22. Rhd1 Kf6 23. f4 Rc8 24. c3 h5 25. Kc2 Rg8 26. R1d2 Rg4
27. Rf2 Ke7 28. Rd3 f6 29. b3 Rd7 30. Rxd7+ Kxd7 31. Kd3 Kd6 32. Ke3 e5 33. g3
h4 34. fxe5+ Kxe5 35. Rf4 hxg3 36. Rxg4 fxg4 37. hxg3 a5 38. a4 f5 39. b4 Kd5
40. bxa5 bxa5 41. Kf4 Kc4 42. Kxf5 Kb3 43. Kxg4 Kxa4 44. Kf4 Kb3 45. g4 a4 46.
g5 a3 47. g6 a2 48. g7 a1=Q 49. g8=Q+ Kxc3 50. Qg7+ Kc2 51. Qxa1 1-0

[Event "Bad. Jug-EM 2018 U18"]
[Site "Karlsruhe-Durlach"]
[Date "2018.01.03"]
[Round "3.4"]
[White "Wegmer, Leon"]
[Black "Bachmann, Jonas"]
[Result "1/2-1/2"]
[WhiteElo "1744"]
[BlackElo "1607"]
[PlyCount "47"]
[EventDate "2018.??.??"]
[WhiteTeam "Karlsruher SF"]
[BlackTeam "SC Neumühl"]

1. e4 d5 2. exd5 Qxd5 3. d4 Qd6 4. Nf3 Nf6 5. c4 c6 6. Nc3 Bg4 7. Be2 e6 8. Bg5
Be7 9. Qd2 O-O 10. O-O Rd8 11. Rad1 Qb4 12. Ne5 Bf5 13. Bf3 Nbd7 14. Qe2 c5 15.
Nxd7 Rxd7 16. d5 Rad8 17. dxe6 Bxe6 18. Rxd7 Rxd7 19. Bd5 Bxd5 20. Nxd5 Nxd5
21. cxd5 Kf8 22. a3 Qb6 23. Re1 Qd8 24. Qe4 1/2-1/2

[Event "Bad. Jug-EM 2018 U18"]
[Site "Karlsruhe-Durlach"]
[Date "2018.01.03"]
[Round "3.5"]
[White "Esslinger, Marcel"]
[Black "Hatzenbühler, Kevin"]
[Result "0-1"]
[WhiteElo "1684"]
[BlackElo "1602"]
[PlyCount "101"]
[EventDate "2018.??.??"]
[WhiteTeam "SC Hornberg"]
[BlackTeam "OSG Baden-Baden"]

1. e4 d6 2. d4 Nf6 3. Nc3 e5 4. dxe5 dxe5 5. Qxd8+ Kxd8 6. Bc4 Ke8 7. Be3 Bb4
8. f3 c6 9. Nge2 Nbd7 10. O-O-O Ke7 11. a3 Bc5 12. Bxc5+ Nxc5 13. Ng3 g6 14. h4
h5 15. Nf1 Be6 16. Bxe6 Nxe6 17. Ne3 Rad8 18. Nc4 Nd7 19. Na5 Rb8 20. Rd2 Nd4
21. Rhd1 Rhd8 22. Nc4 f6 23. f4 c5 24. fxe5 Nxe5 25. Nxe5 fxe5 26. Nd5+ Ke6 27.
Rf2 Rf8 28. Rdf1 Ne2+ 29. Kd2 Rxf2 30. Rxf2 Nf4 31. Nxf4+ exf4 32. Rxf4 Rd8+
33. Ke3 Rd1 34. g4 hxg4 35. Rxg4 Kf6 36. Rg5 b6 37. Rd5 Rh1 38. Rd6+ Ke5 39.
Rxg6 Rxh4 40. Rg5+ Ke6 41. Rg7 Rh2 42. Kd3 Rh3+ 43. Kc4 Re3 44. Rxa7 Rxe4+ 45.
Kb5 Re2 46. Kxb6 Rxc2 47. a4 Rxb2+ 48. Kxc5 Rc2+ 49. Kb6 Kd6 50. Ra8 Rb2+ 51.
Ka5 0-1

[Event "Bad. Jug-EM 2018 U20-U20w"]
[Site "Karlsruhe-Durlach"]
[Date "2018.01.03"]
[Round "3.2"]
[White "Hochscheidt, Lukas"]
[Black "Öztürk, Yasin-Safa"]
[Result "1/2-1/2"]
[WhiteElo "1766"]
[BlackElo "1775"]
[PlyCount "38"]
[EventDate "2018.??.??"]
[WhiteTeam "SSV Bruchsal"]
[BlackTeam "SC Ketsch"]

1. d4 e6 2. Bf4 d5 3. e3 c5 4. c3 Nc6 5. Nf3 Nf6 6. Bd3 Bd6 7. Bxd6 Qxd6 8.
Nbd2 a6 9. Rc1 O-O 10. O-O c4 11. Bb1 b5 12. Re1 e5 13. dxe5 Nxe5 14. Nxe5 Qxe5
15. Nf3 Qh5 16. Nd2 Qg5 17. Nf3 Qh5 18. Nd2 Qg5 19. Nf3 Qh5 1/2-1/2

[Event "Bad. Jug-EM 2018 U20-U20w"]
[Site "Karlsruhe-Durlach"]
[Date "2018.01.03"]
[Round "3.3"]
[White "Ziegler, Ruben"]
[Black "Brückner, Xuan Paul"]
[Result "0-1"]
[WhiteElo "700"]
[BlackElo "856"]
[PlyCount "66"]
[EventDate "2018.??.??"]
[WhiteTeam "BG Buchen"]
[BlackTeam "SC Brombach"]

1. e4 e5 2. Nf3 Nc6 3. Bc4 Nf6 4. Ng5 d5 5. exd5 Nxd5 6. Qf3 Be6 7. Nxe6 fxe6
8. Bb5 Qd6 9. a3 Qc5 10. Bxc6+ Qxc6 11. Nc3 O-O-O 12. O-O Kb8 13. b4 g6 14.
Nxd5 exd5 15. Bb2 Bg7 16. Qb3 d4 17. c3 Bh6 18. Qc2 dxc3 19. Bxc3 Rxd2 20. Qb3
Rd3 21. Rac1 Bxc1 22. Rxc1 Rhd8 23. h3 e4 24. Qb2 Rd1+ 25. Rxd1 Rxd1+ 26. Kh2
Rd3 27. Bd2 Qd6+ 28. Bf4 Qxf4+ 29. g3 Qf8 30. b5 Rf3 31. Kg2 g5 32. Qe5 Rxf2+
33. Kh1 Rf1+ 0-1

[Event "Bad. Jug-EM 2018 U20-U20w"]
[Site "Karlsruhe-Durlach"]
[Date "2018.01.03"]
[Round "3.1"]
[White "Stallknecht, Britta"]
[Black "Kühn, Kolja"]
[Result "0-1"]
[WhiteElo "1848"]
[BlackElo "2125"]
[PlyCount "64"]
[EventDate "2018.??.??"]
[WhiteTeam "SK Großsachsen"]
[BlackTeam "SK Ötigheim"]

1. b3 e5 2. Bb2 Nc6 3. c4 Nf6 4. Nf3 Bd6 5. g3 O-O 6. Bg2 Re8 7. d3 e4 8. dxe4
Bb4+ 9. Nfd2 Nxe4 10. O-O Ng5 11. Nf3 d6 12. Nxg5 Qxg5 13. e3 Qh6 14. Qe2 Ne5
15. Bxe5 Rxe5 16. h4 c6 17. Rd1 Bf5 18. Nd2 Rae8 19. a3 Bc5 20. Nf1 Be4 21.
Bxe4 Rxe4 22. Rd3 Qg6 23. Kh1 R8e5 24. Nd2 Rg4 25. Nf3 Rh5 26. Nh2 Re4 27. b4
Bb6 28. Rc3 Bd4 29. Rac1 Bxc3 30. Rxc3 Rf5 31. Rc2 Re8 32. Nf3 Rxf3 0-1

[Event "Bad. Jug-EM 2018 U16"]
[Site "Karlsruhe-Durlach"]
[Date "2018.01.03"]
[Round "3.1"]
[White "Preuß, Julian"]
[Black "Färber, David"]
[Result "0-1"]
[WhiteElo "1236"]
[BlackElo "2155"]
[PlyCount "52"]
[EventDate "2018.??.??"]
[WhiteTeam "SC Villingen-Schwenningen"]
[BlackTeam "SV Walldorf"]

1. d4 Nf6 2. c4 d6 3. Nc3 d5 4. Nf3 dxc4 5. e3 b5 6. a4 b4 7. Ne2 e6 8. Qc2 Be7
9. Ng3 Nbd7 10. Bxc4 O-O 11. O-O c5 12. b3 Bb7 13. Bb2 Rc8 14. Qe2 Nb6 15. Ba6
Bxa6 16. Qxa6 Qd5 17. Qd3 c4 18. bxc4 Qxc4 19. Qd2 Qb3 20. Bc1 Rc2 21. Qd1 Rfc8
22. Nd2 Qc3 23. Rb1 Nxa4 24. Ne2 Qc6 25. Nb3 Qc4 26. Re1 Ne4 0-1

[Event "Bad. Jug-EM 2018 U16"]
[Site "Karlsruhe-Durlach"]
[Date "2018.01.03"]
[Round "3.2"]
[White "Schmider, Niklas"]
[Black "Chernykh, Arkady"]
[Result "1-0"]
[WhiteElo "2128"]
[BlackElo "2039"]
[PlyCount "71"]
[EventDate "2018.??.??"]
[WhiteTeam "SK Lahr"]
[BlackTeam "Karlsruher SF"]

1. e4 c5 2. Nf3 d6 3. d4 cxd4 4. Nxd4 Nf6 5. Nc3 a6 6. Bg5 Nbd7 7. Qe2 g6 8. f4
Bg7 9. O-O-O Qc7 10. Nf3 Nb6 11. e5 dxe5 12. fxe5 Ng4 13. Re1 Be6 14. Nd4 Nxe5
15. Nxe6 fxe6 16. g3 Nbc4 17. Bf4 Qa5 18. Bh3 Qb4 19. Nd1 Rd8 20. c3 Rxd1+ 21.
Kxd1 Nxb2+ 22. Kc2 Qa4+ 23. Kxb2 Nc4+ 24. Kb1 Bxc3 25. Bxe6 Qb4+ 26. Kc1 Qa3+
27. Kd1 Qa4+ 28. Qc2 Nb2+ 29. Kc1 Qa3 30. Kb1 Qb4 31. Bb3 Nc4 32. Qe4 b5 33.
Qc6+ Kf7 34. Bh6 Rd8 35. Rhf1+ Kg8 36. Qd5+ 1-0

[Event "Bad. Jug-EM 2018 U16"]
[Site "Karlsruhe-Durlach"]
[Date "2018.01.03"]
[Round "3.3"]
[White "Koll, Lukas"]
[Black "Doll, Alexander"]
[Result "1/2-1/2"]
[WhiteElo "1883"]
[BlackElo "1845"]
[PlyCount "71"]
[EventDate "2018.??.??"]
[WhiteTeam "Karlsruher SF"]
[BlackTeam "SC Untergrombach"]

1. c4 e6 2. Nc3 d5 3. cxd5 exd5 4. d4 Nf6 5. g3 c6 6. Bg2 Bd6 7. Nf3 Nbd7 8.
O-O O-O 9. Bg5 h6 10. Bd2 Ne4 11. Nxe4 dxe4 12. Ne1 f5 13. Qb3+ Kh8 14. Bb4 c5
15. dxc5 Nxc5 16. Bxc5 Bxc5 17. Rc1 Qe7 18. Nc2 Be6 19. Qa4 Qe8 20. Qxe8 Rfxe8
21. b3 Red8 22. Rfd1 Rac8 23. e3 Rd3 24. Bf1 Rc3 25. Ne1 Be7 26. Rxc3 Rxc3 27.
Be2 a6 28. Kf1 g5 29. Rd2 Rc1 30. Rd1 Rxd1 31. Bxd1 Kg7 32. Nc2 Bc5 33. Ke2 f4
34. Kd2 Kf6 35. Bh5 a5 36. Kc3 1/2-1/2

[Event "Bad. Jug-EM 2018 U16"]
[Site "Karlsruhe-Durlach"]
[Date "2018.01.03"]
[Round "3.4"]
[White "Fidlin, Simon"]
[Black "Meier, Marlon"]
[Result "1/2-1/2"]
[WhiteElo "1841"]
[BlackElo "1796"]
[PlyCount "43"]
[EventDate "2018.??.??"]
[WhiteTeam "Karlsruher SF"]
[BlackTeam "SK Gernsbach"]

1. e4 g6 2. d4 Bg7 3. Be3 d6 4. Bc4 Nf6 5. Nc3 c6 6. Bb3 b5 7. f3 Nbd7 8. Qd2
a5 9. a4 b4 10. Nd1 Ba6 11. Ne2 Qc7 12. O-O c5 13. c3 bxc3 14. bxc3 Rb8 15. Bc2
O-O 16. Nf2 cxd4 17. Bxd4 e5 18. Be3 Bxe2 19. Qxe2 Qxc3 20. Rfc1 Rfc8 21. Bd3
Qb4 22. Rcb1 1/2-1/2

[Event "Bad. Jug-EM 2018 U16"]
[Site "Karlsruhe-Durlach"]
[Date "2018.01.03"]
[Round "3.5"]
[White "Naß, Maximilian"]
[Black "Salwasser, Christian"]
[Result "1/2-1/2"]
[WhiteElo "1675"]
[BlackElo "1519"]
[PlyCount "70"]
[EventDate "2018.??.??"]
[WhiteTeam "SC Ersingen"]
[BlackTeam "SC Rastatt"]

1. e4 e5 2. Nf3 Nc6 3. Bb5 a6 4. Ba4 Nf6 5. O-O Be7 6. Re1 b5 7. Bb3 O-O 8. c3
d5 9. exd5 Nxd5 10. Nxe5 Nxe5 11. Rxe5 Nf6 12. d4 Bd6 13. Bf4 Ng4 14. Qf3 Bxe5
15. Bxe5 Ra7 16. Bg3 Qg5 17. Bf4 Qg6 18. Nd2 Nf6 19. Re1 Bb7 20. Qg3 Qxg3 21.
Bxg3 Bd5 22. Re7 Bxb3 23. Nxb3 Re8 24. Rxe8+ Nxe8 25. Nc5 c6 26. f3 a5 27. Kf2
b4 28. c4 Kf8 29. Ke3 Ke7 30. d5 cxd5 31. cxd5 Nd6 32. Bxd6+ Kxd6 33. Kd4 a4
34. Ne4+ Kd7 35. Nc5+ Kd6 1/2-1/2

[Event "Bad. Jug-EM 2018 U16"]
[Site "Karlsruhe-Durlach"]
[Date "2018.01.03"]
[Round "3.6"]
[White "Wellenreich, Tim"]
[Black "Schneider, Edward"]
[Result "0-1"]
[WhiteElo "1626"]
[BlackElo "1658"]
[PlyCount "134"]
[EventDate "2018.??.??"]
[WhiteTeam "SSV Bruchsal"]
[BlackTeam "SF Sasbach"]

1. e4 e5 2. Nf3 Nc6 3. d4 exd4 4. Nxd4 Nf6 5. Nxc6 bxc6 6. Bd3 Bc5 7. O-O d6 8.
Nc3 Ng4 9. h3 Ne5 10. Qh5 O-O 11. Bf4 Nxd3 12. cxd3 Rb8 13. b3 f5 14. Rac1 Ba6
15. Bg5 Qe8 16. Qxe8 Rbxe8 17. Rfd1 Bd4 18. Ne2 Bb6 19. Ng3 fxe4 20. Nxe4 Bxd3
21. Rxd3 Rxe4 22. Rxc6 Bxf2+ 23. Kh2 Bb6 24. Rd2 h6 25. Bxh6 gxh6 26. Rcc2 Ref4
27. Kg3 R4f5 28. Re2 Rg5+ 29. Kh2 Rf1 30. g3 Re5 31. Red2 Ree1 32. h4 Be3 33.
Rd3 Rf2+ 34. Rxf2 Bxf2 35. Rd2 Bb6 36. Kg2 Kg7 37. g4 Kg6 38. Kf3 Re3+ 39. Kf4
Re5 40. Rd3 Re2 41. a4 h5 42. Rd5 Re5 43. Rd3 hxg4 44. Kxg4 Re4+ 45. Kf3 Rxh4
46. Ke2 Rh2+ 47. Kd1 a5 48. Rf3 Kg5 49. Kc1 Kg4 50. Rf8 Rf2 51. Re8 Kf3 52. Re7
Re2 53. Rh7 Ke3 54. Rh3+ Kd4 55. Kd1 Re3 56. Rh4+ Kc3 57. Rh8 Kxb3 58. Rh4 d5
59. Kd2 d4 60. Rg4 Kxa4 61. Rh4 Kb3 62. Rg4 a4 63. Rh4 a3 64. Rh1 a2 65. Rg1 d3
66. Rh1 Rg3 67. Rf1 Kb2 0-1

[Event "Bad. Jug-EM 2018 U16"]
[Site "Karlsruhe-Durlach"]
[Date "2018.01.03"]
[Round "3.7"]
[White "Trunk, Mika"]
[Black "Theilig, Maximilian"]
[Result "1-0"]
[WhiteElo "1572"]
[BlackElo "1404"]
[PlyCount "87"]
[EventDate "2018.??.??"]
[WhiteTeam "BG Buchen"]
[BlackTeam "SC Viernheim"]

1. e4 c5 2. Nf3 Nc6 3. Bc4 e6 4. d3 d6 5. c3 Be7 6. Bf4 Nf6 7. O-O O-O 8. Re1
d5 9. exd5 exd5 10. Bb5 Bg4 11. h3 Bh5 12. Nbd2 Bg6 13. Bxc6 bxc6 14. Ne5 Bd6
15. Nxc6 Qc7 16. Bxd6 Qxd6 17. Ne7+ Kh8 18. Nxg6+ fxg6 19. Nf3 Rae8 20. Qd2 Nh5
21. Ng5 Qf6 22. Rxe8 Rxe8 23. Re1 Rxe1+ 24. Qxe1 Qf8 25. Qe5 Nf6 26. Qd6 Qxd6
27. Nf7+ Kg8 28. Nxd6 Kf8 29. a4 a6 30. Nb7 Nd7 31. Kf1 Ke7 32. Ke2 Kf6 33. Ke3
Ke6 34. d4 c4 35. Nc5+ Nxc5 36. dxc5 Kd7 37. Kd4 Kc6 38. g3 g5 39. f4 h6 40. f5
h5 41. a5 h4 42. g4 Kb5 43. Kxd5 Kxa5 44. Kxc4 1-0